<?xml version="1.0" encoding="UTF-8"?>
<record
    xmlns:xsi="http://www.w3.org/2001/XMLSchema-instance"
    xsi:schemaLocation="http://www.loc.gov/MARC21/slim http://www.loc.gov/standards/marcxml/schema/MARC21slim.xsd"
    xmlns="http://www.loc.gov/MARC21/slim">

  <leader>00240nam a22001217a 4500</leader>
  <datafield tag="040" ind1=" " ind2=" ">
    <subfield code="c">SK</subfield>
  </datafield>
  <datafield tag="082" ind1=" " ind2=" ">
    <subfield code="a">592</subfield>
  </datafield>
  <datafield tag="100" ind1=" " ind2=" ">
    <subfield code="a">DUK CHHENG</subfield>
  </datafield>
  <datafield tag="245" ind1=" " ind2=" ">
    <subfield code="a">&#x179F;&#x178F;&#x17D2;&#x178F;&#x179C;&#x17B7;&#x1791;&#x17D2;&#x1799;&#x17B6;</subfield>
  </datafield>
  <datafield tag="260" ind1=" " ind2=" ">
    <subfield code="a">RUA</subfield>
    <subfield code="b">DUK</subfield>
    <subfield code="c">2016</subfield>
  </datafield>
  <datafield tag="300" ind1=" " ind2=" ">
    <subfield code="a">173p.</subfield>
  </datafield>
  <datafield tag="942" ind1=" " ind2=" ">
    <subfield code="c">KB</subfield>
  </datafield>
  <datafield tag="999" ind1=" " ind2=" ">
    <subfield code="c">10836</subfield>
    <subfield code="d">10836</subfield>
  </datafield>
  <datafield tag="952" ind1=" " ind2=" ">
    <subfield code="0">0</subfield>
    <subfield code="1">0</subfield>
    <subfield code="4">0</subfield>
    <subfield code="6">592_000000000000000_DUK_2016_C335_OR_1</subfield>
    <subfield code="7">0</subfield>
    <subfield code="9">56669</subfield>
    <subfield code="a">LBC</subfield>
    <subfield code="b">LBC</subfield>
    <subfield code="c">C227</subfield>
    <subfield code="d">2016-11-10</subfield>
    <subfield code="o">592 DUK 2016 C335 Or.1</subfield>
    <subfield code="p">A03668</subfield>
    <subfield code="r">2016-11-10</subfield>
    <subfield code="y">KB</subfield>
  </datafield>
  <datafield tag="952" ind1=" " ind2=" ">
    <subfield code="0">0</subfield>
    <subfield code="1">0</subfield>
    <subfield code="4">0</subfield>
    <subfield code="6">592_000000000000000_DUK_2016_C335_OR_2</subfield>
    <subfield code="7">0</subfield>
    <subfield code="9">56670</subfield>
    <subfield code="a">LBC</subfield>
    <subfield code="b">LBC</subfield>
    <subfield code="c">C227</subfield>
    <subfield code="d">2016-11-10</subfield>
    <subfield code="o">592 DUK 2016 C335 Or.2</subfield>
    <subfield code="p">A02963</subfield>
    <subfield code="r">2016-11-10</subfield>
    <subfield code="y">KB</subfield>
  </datafield>
  <datafield tag="952" ind1=" " ind2=" ">
    <subfield code="0">0</subfield>
    <subfield code="1">0</subfield>
    <subfield code="4">0</subfield>
    <subfield code="6">592_000000000000000_DUK_2016_C335_OR_3</subfield>
    <subfield code="7">0</subfield>
    <subfield code="9">56671</subfield>
    <subfield code="a">LBC</subfield>
    <subfield code="b">LBC</subfield>
    <subfield code="c">C227</subfield>
    <subfield code="d">2016-11-10</subfield>
    <subfield code="o">592 DUK 2016 C335 Or.3</subfield>
    <subfield code="p">A03990</subfield>
    <subfield code="r">2016-11-10</subfield>
    <subfield code="y">KB</subfield>
  </datafield>
  <datafield tag="952" ind1=" " ind2=" ">
    <subfield code="0">0</subfield>
    <subfield code="1">0</subfield>
    <subfield code="4">0</subfield>
    <subfield code="6">592_000000000000000_DUK_2016_C335_OR_4</subfield>
    <subfield code="7">0</subfield>
    <subfield code="9">56672</subfield>
    <subfield code="a">LBC</subfield>
    <subfield code="b">LBC</subfield>
    <subfield code="c">C227</subfield>
    <subfield code="d">2016-11-10</subfield>
    <subfield code="o">592 DUK 2016 C335 Or.4</subfield>
    <subfield code="p">A03695</subfield>
    <subfield code="r">2016-11-10</subfield>
    <subfield code="y">KB</subfield>
  </datafield>
  <datafield tag="952" ind1=" " ind2=" ">
    <subfield code="0">0</subfield>
    <subfield code="1">0</subfield>
    <subfield code="4">0</subfield>
    <subfield code="6">592_000000000000000_DUK_2016_C335_OR_5</subfield>
    <subfield code="7">0</subfield>
    <subfield code="9">56673</subfield>
    <subfield code="a">LBC</subfield>
    <subfield code="b">LBC</subfield>
    <subfield code="c">C227</subfield>
    <subfield code="d">2016-11-10</subfield>
    <subfield code="o">592 DUK 2016 C335 Or.5</subfield>
    <subfield code="p">A03765</subfield>
    <subfield code="r">2016-11-10</subfield>
    <subfield code="y">KB</subfield>
  </datafield>
  <datafield tag="952" ind1=" " ind2=" ">
    <subfield code="0">0</subfield>
    <subfield code="1">0</subfield>
    <subfield code="4">0</subfield>
    <subfield code="6">592_000000000000000_DUK_2016_C335_OR_6</subfield>
    <subfield code="7">0</subfield>
    <subfield code="9">56674</subfield>
    <subfield code="a">LBC</subfield>
    <subfield code="b">LBC</subfield>
    <subfield code="c">C227</subfield>
    <subfield code="d">2016-11-10</subfield>
    <subfield code="o">592 DUK 2016 C335 Or.6</subfield>
    <subfield code="p">A03840</subfield>
    <subfield code="r">2016-11-10</subfield>
    <subfield code="y">KB</subfield>
  </datafield>
  <datafield tag="952" ind1=" " ind2=" ">
    <subfield code="0">0</subfield>
    <subfield code="1">0</subfield>
    <subfield code="4">0</subfield>
    <subfield code="6">592_000000000000000_DUK_2016_C335_OR_7</subfield>
    <subfield code="7">0</subfield>
    <subfield code="9">56675</subfield>
    <subfield code="a">LBC</subfield>
    <subfield code="b">LBC</subfield>
    <subfield code="c">C227</subfield>
    <subfield code="d">2016-11-10</subfield>
    <subfield code="o">592 DUK 2016 C335 Or.7</subfield>
    <subfield code="p">A03915</subfield>
    <subfield code="r">2016-11-10</subfield>
    <subfield code="y">KB</subfield>
  </datafield>
</record>
